000 00762nam a22001817a 4500
001 BD-DhSAU 10612
003 BD-DhSAU
005 20150702104802.0
008 150702b1989 bg ||||r|||| 000 0 ben d
040 _aBD-DhSAU
082 _222
_a------
_bএকাত্ত
245 _aএকাত্তরের ঘাতক জামাতে ইসলামীর অতীত ও বর্তমান /
_cসম্পাদনাঃ শাহরিয়ার কবির
260 _aঢাকা :
_bমুক্তিযুদ্ধ চেতনা বিকাশ কেন্দ্র,
_c১৯৮৯.
300 _a২৩২ পৃ. :
_c২১ সেমি
590 _ajoy
650 _aএকাত্তরের ঘাতক
942 _2ddc
_cBOOK
999 _c10612
_d10611